[Event "SG Turm Raesfeld/Erle 1 - SC Klein-Berl"]
[Site "Regionalliga 2017/2018"]
[Date "2018.01.13"]
[Round "5.2"]
[White "Pollok, Ralf"]
[Black "Ottens, Stephan"]
[Result "1/2-1/2"]
[WhiteElo "1990"]
[BlackElo "2116"]
[PlyCount "63"]
[EventDate "2018.??.??"]
[SourceTitle "Verband Muensterland"]
[SourceDate "2017.09.15"]
[SourceVersion "1"]
[SourceVersionDate "2017.09.15"]
[SourceQuality "1"]

1. d4 Nf6 2. c4 g6 3. Nf3 Bg7 4. g3 O-O 5. Bg2 d6 6. Nc3 Nbd7 7. O-O e5 8. e4
c6 9. h3 a5 10. Be3 Re8 11. Qc2 exd4 12. Nxd4 Nc5 13. Rad1 Nfd7 14. Rfe1 Qe7
15. f4 Nf6 16. Kh2 h5 17. Bf2 Bd7 18. Kh1 Rad8 19. e5 dxe5 20. Rxe5 Qf8 21.
Rxc5 Qxc5 22. Nxc6 Qxc4 23. Nxd8 Rxd8 24. Rd4 Qc8 25. Qd2 Re8 26. Kh2 Bc6 27.
Rd6 Bxg2 28. Kxg2 b5 29. Bd4 Ne4 30. Nxe4 Rxe4 31. Bxg7 Kxg7 32. Kf3 1/2-1/2

[Event "SG Turm Raesfeld/Erle 1 - SC Klein-Berl"]
[Site "Regionalliga 2017/2018"]
[Date "2018.01.13"]
[Round "5.3"]
[White "Langhanke, Günther"]
[Black "Gesing, Felix"]
[Result "1/2-1/2"]
[WhiteElo "1960"]
[BlackElo "1988"]
[PlyCount "84"]
[EventDate "2018.??.??"]
[SourceTitle "Verband Muensterland"]
[SourceDate "2017.09.15"]
[SourceVersion "1"]
[SourceVersionDate "2017.09.15"]
[SourceQuality "1"]

1. e4 d6 2. d4 Nf6 3. Nc3 g6 4. f4 Bg7 5. Nf3 O-O 6. Be2 c5 7. dxc5 Qa5 8. O-O
Qxc5+ 9. Kh1 Nc6 10. Bd3 Bg4 11. Qe1 Bxf3 12. Rxf3 Nb4 13. Be3 Nxd3 14. cxd3
Qa5 15. Qh4 h5 16. f5 b5 17. h3 b4 18. Ne2 Rac8 19. Nf4 Qe5 20. fxg6 Qxb2 21.
Raf1 fxg6 22. Ne6 Rf7 23. Bd4 Qxa2 24. Nxg7 Kxg7 25. Ra1 Qxa1+ 26. Bxa1 Rc1+
27. Kh2 Rxa1 28. e5 dxe5 29. Qxb4 Ra6 30. Qb5 Re6 31. Re3 e4 32. Qc4 Rd6 33.
dxe4 e5 34. Qc5 Re6 35. Ra3 Ree7 36. Ra4 Kh7 37. Qd6 Kg7 38. Ra6 Kh7 39. Ra4
Kg7 40. Kg3 Kh7 41. Kh2 Kg7 42. Kg1 Kh7 1/2-1/2

[Event "SG Turm Raesfeld/Erle 1 - SC Klein-Berl"]
[Site "Regionalliga 2017/2018"]
[Date "2018.01.13"]
[Round "5.4"]
[White "Greifenberg, Daniel"]
[Black "Brümmer, Andreas"]
[Result "1-0"]
[WhiteElo "2002"]
[BlackElo "1935"]
[PlyCount "53"]
[EventDate "2018.??.??"]
[SourceTitle "Verband Muensterland"]
[SourceDate "2017.09.15"]
[SourceVersion "1"]
[SourceVersionDate "2017.09.15"]
[SourceQuality "1"]

1. d4 f5 2. g3 Nf6 3. Bg2 e6 4. c4 Be7 5. Nc3 O-O 6. Nh3 d5 7. O-O c6 8. b3 Ne4
9. Bb2 Nd7 10. f3 Nxc3 11. Bxc3 Nf6 12. Nf2 dxc4 13. bxc4 c5 14. e4 cxd4 15.
Bxd4 Qc7 16. Qe2 Rd8 17. Rad1 fxe4 18. f4 Bd7 19. Nxe4 Nxe4 20. Qxe4 Qxc4 21.
Qxb7 Bc5 22. Bxc5 Qxc5+ 23. Kh1 Ba4 24. Rc1 Qd4 25. Qa6 Rab8 26. Rc4 Bb5 27.
Qxe6+ 1-0

[Event "SG Turm Raesfeld/Erle 1 - SC Klein-Berl"]
[Site "Regionalliga 2017/2018"]
[Date "2018.01.13"]
[Round "5.5"]
[White "Langhans, Jörg"]
[Black "Brömmel, Rudolf"]
[Result "1-0"]
[WhiteElo "1937"]
[BlackElo "1913"]
[PlyCount "47"]
[EventDate "2018.??.??"]
[SourceTitle "Verband Muensterland"]
[SourceDate "2017.09.15"]
[SourceVersion "1"]
[SourceVersionDate "2017.09.15"]
[SourceQuality "1"]

1. e4 Nc6 2. Nf3 d6 3. d4 Bg4 4. Nc3 Nf6 5. Be3 e6 6. h3 Bh5 7. d5 exd5 8. exd5
Bxf3 9. Qxf3 Ne5 10. Qf4 Be7 11. O-O-O O-O 12. g4 Nfd7 13. Qg3 Ng6 14. f4 Re8
15. g5 Bf8 16. h4 Ne7 17. Bd3 c6 18. h5 Nxd5 19. Nxd5 cxd5 20. Bd4 Re4 21. Bxe4
dxe4 22. g6 fxg6 23. hxg6 h6 24. Qb3+ 1-0

[Event "SG Turm Raesfeld/Erle 1 - SC Klein-Berl"]
[Site "Regionalliga 2017/2018"]
[Date "2018.01.13"]
[Round "5.6"]
[White "Bergemann, Martin"]
[Black "Kornick, Ulrich"]
[Result "1/2-1/2"]
[WhiteElo "1935"]
[BlackElo "1919"]
[PlyCount "55"]
[EventDate "2018.??.??"]
[SourceTitle "Verband Muensterland"]
[SourceDate "2017.09.15"]
[SourceVersion "1"]
[SourceVersionDate "2017.09.15"]
[SourceQuality "1"]

1. d4 d5 2. Bg5 c6 3. Nc3 h6 4. Bf4 Nf6 5. e3 Bg4 6. Nge2 Nh5 7. h3 Bxe2 8.
Nxe2 Nxf4 9. Nxf4 Nd7 10. Be2 e5 11. dxe5 Nxe5 12. O-O Bd6 13. Qd4 Qb6 14. Qxb6
axb6 15. a4 O-O 16. b3 Rfe8 17. Rfd1 Bb4 18. Nd3 Nxd3 19. Rxd3 b5 20. c3 Bf8
21. a5 b4 22. Ra4 bxc3 23. Rxc3 g6 24. a6 b5 25. Ra2 Rec8 26. Rac2 Rxa6 27.
Bxb5 Ra1+ 28. Rc1 1/2-1/2

[Event "SG Turm Raesfeld/Erle 1 - SC Klein-Berl"]
[Site "Regionalliga 2017/2018"]
[Date "2018.01.13"]
[Round "5.7"]
[White "Averkamp-Peters, Jens"]
[Black "Bölker, Franz"]
[Result "1-0"]
[WhiteElo "1908"]
[BlackElo "1799"]
[PlyCount "55"]
[EventDate "2018.??.??"]
[SourceTitle "Verband Muensterland"]
[SourceDate "2017.09.15"]
[SourceVersion "1"]
[SourceVersionDate "2017.09.15"]
[SourceQuality "1"]

1. e4 c5 2. d4 cxd4 3. Nf3 d6 4. Bc4 Nf6 5. O-O Qc7 6. Qxd4 Nc6 7. Qd3 e6 8.
Nc3 a6 9. a3 Be7 10. b4 O-O 11. Bb2 b5 12. Bb3 Bb7 13. h3 Rfd8 14. Rad1 Rac8
15. Qe3 h6 16. Ne2 Nd7 17. Nfd4 Nf8 18. Qg3 Ne5 19. f4 Neg6 20. f5 exf5 21.
exf5 Bh4 22. Qg4 h5 23. Qxh5 Qe7 24. fxg6 Qe3+ 25. Kh2 Qe5+ 26. Qxe5 dxe5 27.
Bxf7+ Kh8 28. Rf5 1-0

[Event "SG Turm Raesfeld/Erle 1 - SC Klein-Berl"]
[Site "Regionalliga 2017/2018"]
[Date "2018.01.13"]
[Round "5.8"]
[White "Fasselt, Hendrik"]
[Black "Hemmert, Michael"]
[Result "1/2-1/2"]
[WhiteElo "1833"]
[BlackElo "1816"]
[PlyCount "54"]
[EventDate "2018.??.??"]
[SourceTitle "Verband Muensterland"]
[SourceDate "2017.09.15"]
[SourceVersion "1"]
[SourceVersionDate "2017.09.15"]
[SourceQuality "1"]

1. b3 e5 2. Bb2 Nc6 3. e3 d5 4. Bb5 Bd6 5. f4 Qh4+ 6. g3 Qe7 7. Nf3 Bg4 8. fxe5
Bxe5 9. Bxe5 Bxf3 10. Qxf3 Qxe5 11. Nc3 Nf6 12. O-O O-O 13. Bxc6 bxc6 14. Qf4
Qxf4 15. Rxf4 Rfe8 16. Raf1 Re7 17. R1f2 Nd7 18. Ne2 c5 19. Nc3 c6 20. Na4 f6
21. Rf1 Rae8 22. c4 Re4 23. Nc3 Rxf4 24. Rxf4 Nb6 25. cxd5 cxd5 26. Rf5 Re5 27.
Rxe5 fxe5 1/2-1/2

[Event "SC Gronau 1 - SK Münster 3"]
[Site "Regionalliga 2017/2018"]
[Date "2018.01.13"]
[Round "5.1"]
[White "Baumann, Stephan"]
[Black "Bündgen, Achim"]
[Result "1/2-1/2"]
[WhiteElo "2014"]
[BlackElo "2119"]
[PlyCount "84"]
[EventDate "2018.??.??"]
[SourceTitle "Verband Muensterland"]
[SourceDate "2017.09.15"]
[SourceVersion "1"]
[SourceVersionDate "2017.09.15"]
[SourceQuality "1"]

1. e4 e5 2. Nf3 Nc6 3. Bb5 a6 4. Bxc6 dxc6 5. O-O Bg4 6. h3 h5 7. d3 Qf6 8.
Nbd2 Ne7 9. Re1 Ng6 10. d4 Bd6 11. hxg4 hxg4 12. Nh2 Rxh2 13. Qxg4 Qh4 14. Qxh4
Rxh4 15. Nf3 Rh5 16. dxe5 Nxe5 17. Nxe5 Bxe5 18. c3 O-O-O 19. Be3 Rdh8 20. f4
Bf6 21. Kf2 Bh4+ 22. g3 Be7 23. Kf3 Rh2 24. Re2 Rxe2 25. Kxe2 Rh2+ 26. Bf2 g5
27. fxg5 Bxg5 28. Rd1 Bf6 29. Rd3 Be5 30. Kf1 b6 31. Kg1 Rh8 32. Kg2 c5 33. b3
Kb7 34. c4 Kc6 35. Be3 Rg8 36. Bf2 f6 37. Kf3 b5 38. Rd5 Bd6 39. Be1 Be5 40.
Bf2 Bd6 41. Be1 Be5 42. Bf2 Bd6 1/2-1/2

[Event "SC Gronau 1 - SK Münster 3"]
[Site "Regionalliga 2017/2018"]
[Date "2018.01.13"]
[Round "5.2"]
[White "Monsma, Menno"]
[Black "Jensen, Sören"]
[Result "1-0"]
[WhiteElo "2030"]
[BlackElo "1874"]
[PlyCount "95"]
[EventDate "2018.??.??"]
[SourceTitle "Verband Muensterland"]
[SourceDate "2017.09.15"]
[SourceVersion "1"]
[SourceVersionDate "2017.09.15"]
[SourceQuality "1"]

1. d4 Nf6 2. c4 e5 3. dxe5 Ng4 4. Bf4 Bb4+ 5. Nd2 Nc6 6. Ngf3 Qe7 7. e3 Ngxe5
8. Nxe5 Nxe5 9. Be2 O-O 10. O-O c6 11. a3 Ba5 12. Nf3 d6 13. Qc2 Bc7 14. Rac1
f5 15. c5 d5 16. Nxe5 Bxe5 17. Bxe5 Qxe5 18. Qc3 Qxc3 19. Rxc3 f4 20. Bf3 fxe3
21. fxe3 Bf5 22. Rb3 Rf7 23. Rb4 Re8 24. Rf4 Rxe3 25. Bxd5 cxd5 26. Rxf5 Rxf5
27. Rxf5 Rd3 28. Kf1 g6 29. Rf2 Rd1+ 30. Ke2 Rc1 31. b4 Rc3 32. Rf3 Rc2+ 33.
Kf1 Rd2 34. h3 Rd4 35. Ke2 Rc4 36. Kd2 a5 37. Rd3 axb4 38. axb4 Rxb4 39. Rxd5
Kf8 40. Kc3 Rb1 41. Rd7 h5 42. Kc4 b5+ 43. Kd5 Rb2 44. Rb7 Rxg2 45. c6 Ke8 46.
Rb8+ Ke7 47. c7 Rd2+ 48. Ke4 1-0

[Event "SC Gronau 1 - SK Münster 3"]
[Site "Regionalliga 2017/2018"]
[Date "2018.01.13"]
[Round "5.3"]
[White "Leder, Nils"]
[Black "Lütkehermölle, Martin"]
[Result "1-0"]
[WhiteElo "1848"]
[BlackElo "1972"]
[PlyCount "65"]
[EventDate "2018.??.??"]
[SourceTitle "Verband Muensterland"]
[SourceDate "2017.09.15"]
[SourceVersion "1"]
[SourceVersionDate "2017.09.15"]
[SourceQuality "1"]

1. e4 c5 2. Nf3 Nc6 3. Bb5 e6 4. O-O Nge7 5. Re1 a6 6. Bf1 d5 7. exd5 Nxd5 8.
d4 cxd4 9. Nxd4 Qb6 10. Nb3 Be7 11. c4 Nf6 12. Nc3 Na5 13. Be3 Qb4 14. Nxa5
Qxa5 15. Qa4+ Qxa4 16. Nxa4 Bd7 17. Nb6 Rd8 18. Nxd7 Rxd7 19. Red1 Rxd1 20.
Rxd1 Nd7 21. g3 Ne5 22. b3 Bb4 23. Bg2 Nc6 24. Bc1 Ke7 25. a3 Bd6 26. b4 Rb8
27. Bb2 f6 28. f4 e5 29. Re1 Kd7 30. Rd1 Ke7 31. Bc1 exf4 32. Bxc6 bxc6 33.
Rxd6 1-0

[Event "SC Gronau 1 - SK Münster 3"]
[Site "Regionalliga 2017/2018"]
[Date "2018.01.13"]
[Round "5.4"]
[White "Langendijk, Andre"]
[Black "Hartmann, Steffen"]
[Result "1-0"]
[WhiteElo "1926"]
[BlackElo "1914"]
[PlyCount "53"]
[EventDate "2018.??.??"]
[SourceTitle "Verband Muensterland"]
[SourceDate "2017.09.15"]
[SourceVersion "1"]
[SourceVersionDate "2017.09.15"]
[SourceQuality "1"]

1. d4 Nf6 2. Bg5 e6 3. e3 Be7 4. Nd2 d5 5. Bd3 Nbd7 6. f4 O-O 7. Ngf3 h6 8. Bh4
b6 9. Qe2 c5 10. c3 Bb7 11. Rg1 Ne4 12. Bxe7 Qxe7 13. g4 f6 14. O-O-O e5 15.
dxe5 fxe5 16. Nxe4 dxe4 17. Bc4+ Kh7 18. Rxd7 Qxd7 19. Nxe5 Qd6 20. g5 Rad8 21.
gxh6 gxh6 22. Nf7 Qf6 23. Nxd8 Rxd8 24. Qh5 Rd6 25. Bf7 Ba6 26. Bg8+ Kh8 27.
Bd5 1-0

[Event "SC Gronau 1 - SK Münster 3"]
[Site "Regionalliga 2017/2018"]
[Date "2018.01.13"]
[Round "5.5"]
[White "Peters, Helmut"]
[Black "Storck, Martin"]
[Result "1/2-1/2"]
[WhiteElo "2000"]
[BlackElo "1935"]
[PlyCount "36"]
[EventDate "2018.??.??"]
[SourceTitle "Verband Muensterland"]
[SourceDate "2017.09.15"]
[SourceVersion "1"]
[SourceVersionDate "2017.09.15"]
[SourceQuality "1"]

1. d4 d5 2. Nf3 Nf6 3. Bf4 e6 4. e3 Bd6 5. Ne5 O-O 6. Bd3 c5 7. c3 Nc6 8. Nd2
Qc7 9. Ndf3 h6 10. Nxc6 bxc6 11. Bxd6 Qxd6 12. O-O Nd7 13. Qa4 Bb7 14. b4 c4
15. Be2 a5 16. bxa5 Qc7 17. Rfb1 Bc8 18. Qb4 Rxa5 1/2-1/2

[Event "SC Gronau 1 - SK Münster 3"]
[Site "Regionalliga 2017/2018"]
[Date "2018.01.13"]
[Round "5.6"]
[White "Reinhold, Klaus"]
[Black "Freise, Eckhard"]
[Result "1-0"]
[WhiteElo "1852"]
[BlackElo "1747"]
[PlyCount "64"]
[EventDate "2018.??.??"]
[SourceTitle "Verband Muensterland"]
[SourceDate "2017.09.15"]
[SourceVersion "1"]
[SourceVersionDate "2017.09.15"]
[SourceQuality "1"]

1. d4 f5 2. Bg5 g6 3. Nc3 Nh6 4. Qd2 Nf7 5. Bf4 Bg7 6. Nf3 d6 7. O-O-O Nc6 8.
d5 Nce5 9. Bxe5 dxe5 10. e3 Nd6 11. h4 h6 12. Be2 Bd7 13. Nh2 Qc8 14. Rdg1 h5
15. Kb1 b5 16. f3 b4 17. Nd1 Qb7 18. Nf2 a5 19. e4 Bh6 20. Qe1 Rb8 21. Bd3 f4
22. g3 a4 23. gxf4 b3 24. cxb3 axb3 25. a3 Bxf4 26. Rxg6 Bb5 27. Nf1 Qa7 28.
Rhg1 Kd7 29. R1g2 Bxd3+ 30. Nxd3 Nc4 31. Nxf4 exf4 32. Qc3 Nd6 1-0

[Event "SC Gronau 1 - SK Münster 3"]
[Site "Regionalliga 2017/2018"]
[Date "2018.01.13"]
[Round "5.7"]
[White "Kamp, Adrian"]
[Black "Hoge, Torsten"]
[Result "0-1"]
[WhiteElo "1686"]
[BlackElo "1890"]
[PlyCount "76"]
[EventDate "2018.??.??"]
[SourceTitle "Verband Muensterland"]
[SourceDate "2017.09.15"]
[SourceVersion "1"]
[SourceVersionDate "2017.09.15"]
[SourceQuality "1"]

1. e4 e6 2. d4 d5 3. e5 c5 4. c3 Nc6 5. Nf3 Qb6 6. Bd3 cxd4 7. cxd4 Bd7 8. O-O
Nxd4 9. Nxd4 Qxd4 10. Nc3 a6 11. Qe2 Rc8 12. Rd1 Bc5 13. a3 h5 14. Bxa6 Qxf2+
15. Qxf2 Bxf2+ 16. Kxf2 bxa6 17. Be3 Nh6 18. Bxh6 Rxh6 19. Rac1 Rg6 20. h3 Rg5
21. Re1 Rc4 22. g3 Rf5+ 23. Kg2 Rd4 24. Rc2 Rd3 25. Rf2 Rxf2+ 26. Kxf2 h4 27.
Re3 Rd2+ 28. Re2 hxg3+ 29. Kxg3 Rd3+ 30. Kg4 Bc6 31. h4 Ke7 32. Kf4 Rh3 33. Kg4
Rh1 34. Rd2 Rg1+ 35. Kf4 f6 36. exf6+ Kxf6 37. Ne2 e5+ 38. Ke3 Rg4 0-1

[Event "SC Gronau 1 - SK Münster 3"]
[Site "Regionalliga 2017/2018"]
[Date "2018.01.13"]
[Round "5.8"]
[White "Tsoukkerman, Boris"]
[Black "Toval, David"]
[Result "1-0"]
[WhiteElo "1898"]
[BlackElo "1739"]
[PlyCount "65"]
[EventDate "2018.??.??"]
[SourceTitle "Verband Muensterland"]
[SourceDate "2017.09.15"]
[SourceVersion "1"]
[SourceVersionDate "2017.09.15"]
[SourceQuality "1"]

1. d4 Nf6 2. c4 e6 3. Nc3 Bb4 4. Bg5 b6 5. f3 c5 6. d5 O-O 7. e4 Re8 8. Nge2
exd5 9. cxd5 Bb7 10. Qd2 h6 11. Be3 d6 12. Ng3 Bxc3 13. bxc3 Qe7 14. Nf5 Qe5
15. Bd3 Bc8 16. f4 Nxe4 17. fxe5 Nxd2 18. Nxd6 Rxe5 19. Kxd2 Bd7 20. c4 Na6 21.
Bf4 Re7 22. Rhe1 Rxe1 23. Rxe1 Kf8 24. Bf5 Bxf5 25. Nxf5 Rd8 26. a3 b5 27. Bd6+
Kg8 28. cxb5 g6 29. Ne7+ Kg7 30. Bg3 Nb8 31. Bxb8 Rxb8 32. a4 a6 33. Nc6 1-0